Karma Lyrics (English) (Alnst Alien Stage Mizi Sua Mizisua) - Statistics

General Stats
  • This quiz has been taken 4 times
  • The average score is 160 of 261
Answer Stats
Lyrics % Correct
A
100%
Are
100%
Me
100%
Star
100%
To
100%
Together
100%
We
100%
With
100%
You
100%
And
67%
As
67%
Be
67%
Beginning
67%
Blame
67%
Bloom
67%
But
67%
Can't
67%
Confess
67%
Could
67%
Death
67%
Desperate
67%
Did
67%
Different
67%
Even
67%
Ever
67%
Every
67%
Face
67%
Feelings
67%
For
67%
From
67%
Gently
67%
Have
67%
Hearts
67%
Her
67%
Humans
67%
Hyuna
67%
I
67%
If
67%
I'm
67%
It
67%
Just
67%
Knew
67%
Know
67%
Look
67%
Love
67%
Maybe
67%
My
67%
Need
67%
Night
67%
On
67%
Our
67%
Perhaps
67%
Real
67%
Rehearsing
67%
Secretly
67%
Seen
67%
She
67%
Some
67%
Something
67%
Still
67%
The
67%
There's
67%
This
67%
Us
67%
Very
67%
Was
67%
Wasn't
67%
Were
67%
We're
67%
When
67%
Who
67%
Wouldn't
67%
You'd
67%
Your
67%
Able
33%
All
33%
Alone
33%
Anything
33%
At
33%
Away
33%
Because
33%
Been
33%
Below
33%
Beyond
33%
Burst
33%
Came
33%
Cause
33%
Clinging
33%
Creatures
33%
Distant
33%
Either
33%
Embraces
33%
Eternity
33%
Exploiting
33%
Falls
33%
Felt
33%
Fix
33%
Freedom
33%
Granted
33%
Head
33%
Into
33%
Joyful
33%
Judge
33%
Justice
33%
Last
33%
Meaningless
33%
Noble
33%
Not
33%
Of
33%
Once
33%
Or
33%
Pain
33%
Place
33%
Pretended
33%
Reach
33%
Really
33%
Ride
33%
Root
33%
Running
33%
Seem
33%
Sense
33%
Time
33%
Too
33%
Twilight
33%
We'd
33%
What
33%
Wind
33%
Without
33%
Yours
33%
No matching quizzes found
Score Distribution
Percent of People with Each Score
Percentile by Number Answered
Your Score History
You have not taken this quiz